Cartera de historias mágicas: (Registro nro. 16319)

000 -CABECERA
campo de control de longitud fija 01115nam a22002417a 4500
003 - IDENTIFICADOR DEL NÚMERO DE CONTROL
campo de control OSt
005 - FECHA Y HORA DE LA ÚLTIMA TRANSACCIÓN
campo de control 20260515164123.0
008 - DATOS DE LONGITUD FIJA--INFORMACIÓN GENERAL
campo de control de longitud fija 260515b ||||| |||| 00| 0 spa d
020 ## - NÚMERO INTERNACIONAL ESTÁNDAR DEL LIBRO
Número Internacional Estándar del Libro 9789587960112
040 ## - FUENTE DE LA CATALOGACIÓN
Centro/agencia transcriptor CO-Mq BPB
041 ## - CÓDIGO DE LENGUA
Código de lengua del texto/banda sonora o título independiente spa
082 ## - NÚMERO DE LA CLASIFICACIÓN DECIMAL DEWEY
Número de documento/Ítem C
Número de edición ALEc
100 ## - ENTRADA PRINCIPAL--NOMBRE DE PERSONA
Nombre de persona Alexandrou, Alex
Término indicativo de función/relación autor
245 ## - MENCIÓN DE TÍTULO
Título Cartera de historias mágicas:
Resto del título 7 historias sorprendentes para llevar
264 ## - PRODUCCIÓN, PUBLICACIÓN, DISTRIBUCIÓN, FABRICACIÓN Y COPYRIGHT
Producción, publicación, distribución, fabricación y copyright Bogotá,
Nombre del de productor, editor, distribuidor, fabricante Panamericana,
Fecha de producción, publicación, distribución, fabricación o copyright 2020
300 ## - DESCRIPCIÓN FÍSICA
Extensión 61 paginas;
Otras características físicas Tapa dura, ilustraciones a color,
Dimensiones 22 cm
521 ## - NOTA DE PÚBLICO DESTINATARIO
Nota de público destinatario Este libro reúne una colección de cuentos infantiles llenos de personajes fantásticos y situaciones mágicas. Entre las historias aparecen unicornios, hadas, princesas y otros personajes imaginarios que viven aventuras divertidas y sorprendentes.<br/><br/>La obra busca estimular la imaginación y el gusto por la lectura mediante relatos cortos, ilustraciones y un lenguaje sencillo pensado para niños pequeños.
650 ## - PUNTO DE ACCESO ADICIONAL DE MATERIA--TÉRMINO DE MATERIA
Término de materia o nombre geográfico como elemento de entrada Fantasía y magia
650 ## - PUNTO DE ACCESO ADICIONAL DE MATERIA--TÉRMINO DE MATERIA
Término de materia o nombre geográfico como elemento de entrada Unicornios y personajes mágicos
650 ## - PUNTO DE ACCESO ADICIONAL DE MATERIA--TÉRMINO DE MATERIA
Término de materia o nombre geográfico como elemento de entrada Princesas y cuentos
700 ## - PUNTO DE ACCESO ADICIONAL--NOMBRE DE PERSONA
Nombre de persona Garafo, Alejandra
Término indicativo de función/relación traductora
942 ## - ELEMENTOS DE PUNTO DE ACCESO ADICIONAL (KOHA)
Fuente del sistema de clasificación o colocación
Tipo de ítem Koha Libro Literatura
Existencias
Estado de retiro Estado de pérdida Fuente del sistema de clasificación o colocación Estado dañado No para préstamo Código de colección Localización permanente Ubicación/localización actual Ubicación en estantería Fecha de adquisición Fuente de adquisición Número de inventario Total de préstamos Signatura topográfica completa Código de barras En préstamo Fecha visto por última vez Fecha del último préstamo Número de copia Precio válido a partir de Tipo de ítem Koha Nota pública
          Literatura Infantil Biblioteca Pública San Juan Bosco Biblioteca Pública San Juan Bosco Literatura 15/05/2026 Compra 2025 NT 2 C ALEc MOS504979 20/06/2026 03/06/2026 03/06/2026 Ej.1 15/05/2026 Libro Literatura Quince dias
          Literatura Infantil Biblioteca Pública San Juan Bosco Biblioteca Pública San Juan Bosco Literatura 15/05/2026 Compra 2025 NT   C ALEc MOS504980   15/05/2026   Ej.2 15/05/2026 Libro Literatura Quince dias

© Todos los derechos reservados para la Biblioteca Pública Municipal San Juan Bosco, 2020
Secretaria de Cultura de Mosquera
Carrera 3 N° 10 Esquina Centro Cultural Barrio El Carmén Teléfono: 8270830 Ext: 34
Funcionando con KOHA
Contacto: Biblioteca Pública Municipal San Juan Bosco/ bibliotecasanjuanbosco@mosquera-cundinamarca.gov.co
Mosquera, Cundinamarca